000 00652nam a2200193 a 4500
001 000005359
005 20200929151643.0
008 090819s1999 es 001 spa d
020 _a8400079620
040 _aDO-SdBNP
_bspa
_cBNPHU
082 _axxxx
_bxxxx
245 0 0 _aMedio ambiente y desarrollo en América Latina / :
_bcoordinadores; J. Raul Navarro García, Fernándo Díaz del Olmo.
260 _aSevilla, España :
_aEscuela de Estudios Hispano-Americanos de Sevilla,
_c1999.
300 _a244 p. ;
_c21 cm.
490 1 _aDifusión y estudio
500 _aIncluye tabla de contenido
830 0 _aDifusión y estudio
_915205
049 _aBNPD
999 _c5159
_d5159